<?xml version="1.0" encoding="UTF-8"?>
<collection xmlns="http://www.loc.gov/MARC21/slim">
 <record>
  <leader>04132nam a22006617a 4500</leader>
  <controlfield tag="001">000059235</controlfield>
  <controlfield tag="003">CZ-PrVSE</controlfield>
  <controlfield tag="005">20040308123750.0</controlfield>
  <controlfield tag="008">000829s2000    xr      r     ||||| cze d</controlfield>
  <datafield tag="020" ind1=" " ind2=" ">
   <subfield code="a">80-245-0053-1</subfield>
   <subfield code="q">(brož.)</subfield>
  </datafield>
  <datafield tag="040" ind1=" " ind2=" ">
   <subfield code="a">ABA006</subfield>
   <subfield code="b">cze</subfield>
   <subfield code="c">ABA006</subfield>
   <subfield code="d">ABA006</subfield>
  </datafield>
  <datafield tag="041" ind1="0" ind2=" ">
   <subfield code="a">cze</subfield>
  </datafield>
  <datafield tag="044" ind1=" " ind2=" ">
   <subfield code="a">xr</subfield>
  </datafield>
  <datafield tag="080" ind1=" " ind2=" ">
   <subfield code="a">327</subfield>
  </datafield>
  <datafield tag="080" ind1=" " ind2=" ">
   <subfield code="a">930.9</subfield>
  </datafield>
  <datafield tag="080" ind1=" " ind2=" ">
   <subfield code="a">32</subfield>
  </datafield>
  <datafield tag="099" ind1=" " ind2="9">
   <subfield code="a">930.9VES</subfield>
  </datafield>
  <datafield tag="100" ind1="1" ind2=" ">
   <subfield code="a">Veselý, Zdeněk,</subfield>
   <subfield code="d">1950-</subfield>
   <subfield code="7">jn20000620407</subfield>
   <subfield code="4">aut</subfield>
  </datafield>
  <datafield tag="245" ind1="1" ind2="0">
   <subfield code="a">Světová politika 20. století v datech.</subfield>
   <subfield code="n">[Část] II,</subfield>
   <subfield code="p">(1946-1999) /</subfield>
   <subfield code="c">Zdeněk Veselý, Otakar Volenec</subfield>
  </datafield>
  <datafield tag="260" ind1=" " ind2=" ">
   <subfield code="a">Praha :</subfield>
   <subfield code="b">Vysoká škola ekonomická,</subfield>
   <subfield code="c">2000</subfield>
  </datafield>
  <datafield tag="300" ind1=" " ind2=" ">
   <subfield code="a">187 s. :</subfield>
   <subfield code="b">il.</subfield>
  </datafield>
  <datafield tag="500" ind1=" " ind2=" ">
   <subfield code="a">Obsahuje bibliografii</subfield>
  </datafield>
  <datafield tag="648" ind1=" " ind2="7">
   <subfield code="a">20. století</subfield>
   <subfield code="7">ch460558</subfield>
   <subfield code="2">czenas</subfield>
  </datafield>
  <datafield tag="650" ind1="0" ind2="7">
   <subfield code="a">dokumenty</subfield>
   <subfield code="7">ph114337</subfield>
   <subfield code="2">czenas</subfield>
  </datafield>
  <datafield tag="650" ind1="0" ind2="7">
   <subfield code="a">mezinárodní vztahy</subfield>
   <subfield code="7">ph137626</subfield>
   <subfield code="2">czenas</subfield>
  </datafield>
  <datafield tag="650" ind1="0" ind2="7">
   <subfield code="a">světová politika</subfield>
   <subfield code="7">ph126325</subfield>
   <subfield code="2">czenas</subfield>
  </datafield>
  <datafield tag="650" ind1="0" ind2="7">
   <subfield code="a">světové dějiny</subfield>
   <subfield code="7">ph117271</subfield>
   <subfield code="2">czenas</subfield>
  </datafield>
  <datafield tag="655" ind1=" " ind2="7">
   <subfield code="a">vysokoškolská skripta</subfield>
   <subfield code="7">fd190824</subfield>
   <subfield code="2">czenas</subfield>
  </datafield>
  <datafield tag="648" ind1=" " ind2="9">
   <subfield code="a">20th century</subfield>
   <subfield code="2">eczenas</subfield>
  </datafield>
  <datafield tag="650" ind1="0" ind2="9">
   <subfield code="a">documents</subfield>
   <subfield code="2">eczenas</subfield>
  </datafield>
  <datafield tag="650" ind1="0" ind2="9">
   <subfield code="a">international relations</subfield>
   <subfield code="2">eczenas</subfield>
  </datafield>
  <datafield tag="650" ind1="0" ind2="9">
   <subfield code="a">world politics</subfield>
   <subfield code="2">eczenas</subfield>
  </datafield>
  <datafield tag="650" ind1="0" ind2="9">
   <subfield code="a">world history</subfield>
   <subfield code="2">eczenas</subfield>
  </datafield>
  <datafield tag="655" ind1=" " ind2="9">
   <subfield code="a">college textbooks</subfield>
   <subfield code="2">eczenas</subfield>
  </datafield>
  <datafield tag="700" ind1="1" ind2=" ">
   <subfield code="a">Volenec, Otakar</subfield>
   <subfield code="7">xx0001177</subfield>
   <subfield code="4">aut</subfield>
  </datafield>
  <datafield tag="710" ind1="2" ind2=" ">
   <subfield code="a">Vysoká škola ekonomická v Praze.</subfield>
   <subfield code="b">Středisko mezinárodních studií Jana Masaryka</subfield>
   <subfield code="7">kn20010709168</subfield>
  </datafield>
  <datafield tag="993" ind1=" " ind2=" ">
   <subfield code="a">001245796</subfield>
  </datafield>
  <datafield tag="996" ind1=" " ind2=" ">
   <subfield code="1">HPUVV</subfield>
   <subfield code="3">S 1094/II-V2</subfield>
   <subfield code="5">4202115375</subfield>
   <subfield code="8">20030827</subfield>
   <subfield code="9">327VES</subfield>
   <subfield code="f">81</subfield>
   <subfield code="l">UEP01</subfield>
   <subfield code="m">BOOK</subfield>
   <subfield code="q">Knihovna FM JH volný výběr</subfield>
   <subfield code="t">na 1 měsíc</subfield>
   <subfield code="u">UEP01</subfield>
  </datafield>
  <datafield tag="996" ind1=" " ind2=" ">
   <subfield code="1">HPUVV</subfield>
   <subfield code="3">S 1094/II-V5</subfield>
   <subfield code="5">4202115378</subfield>
   <subfield code="8">20030827</subfield>
   <subfield code="9">327VES</subfield>
   <subfield code="f">81</subfield>
   <subfield code="l">UEP01</subfield>
   <subfield code="m">BOOK</subfield>
   <subfield code="q">Knihovna FM JH volný výběr</subfield>
   <subfield code="t">na 1 měsíc</subfield>
   <subfield code="u">UEP01</subfield>
  </datafield>
  <datafield tag="996" ind1=" " ind2=" ">
   <subfield code="1">HSKL1</subfield>
   <subfield code="3">S 1094/II-V3</subfield>
   <subfield code="5">4202115376</subfield>
   <subfield code="8">20030827</subfield>
   <subfield code="9">327VES</subfield>
   <subfield code="f">81</subfield>
   <subfield code="l">UEP01</subfield>
   <subfield code="m">BOOK</subfield>
   <subfield code="q">Knihovna FM JH sklad I</subfield>
   <subfield code="t">na 1 měsíc</subfield>
   <subfield code="u">UEP01</subfield>
  </datafield>
  <datafield tag="996" ind1=" " ind2=" ">
   <subfield code="1">HSKL1</subfield>
   <subfield code="3">S 1094/II-V4</subfield>
   <subfield code="5">4202115377</subfield>
   <subfield code="8">20030827</subfield>
   <subfield code="9">327VES</subfield>
   <subfield code="f">81</subfield>
   <subfield code="l">UEP01</subfield>
   <subfield code="m">BOOK</subfield>
   <subfield code="q">Knihovna FM JH sklad I</subfield>
   <subfield code="t">na 1 měsíc</subfield>
   <subfield code="u">UEP01</subfield>
  </datafield>
  <datafield tag="996" ind1=" " ind2=" ">
   <subfield code="1">HSTU1</subfield>
   <subfield code="3">S 1094/II-V1</subfield>
   <subfield code="5">4202115374</subfield>
   <subfield code="8">20030827</subfield>
   <subfield code="9">327VES</subfield>
   <subfield code="f">85</subfield>
   <subfield code="l">UEP01</subfield>
   <subfield code="m">BOOK</subfield>
   <subfield code="q">Knihovna FM JH studovna I</subfield>
   <subfield code="t">prezenční</subfield>
   <subfield code="u">UEP01</subfield>
  </datafield>
  <datafield tag="996" ind1=" " ind2=" ">
   <subfield code="1">PDPZ0</subfield>
   <subfield code="3">Sc28383/II/16</subfield>
   <subfield code="5">3142118582</subfield>
   <subfield code="8">20030807</subfield>
   <subfield code="9">930.9VES</subfield>
   <subfield code="f">81</subfield>
   <subfield code="l">UEP01</subfield>
   <subfield code="m">BOOK</subfield>
   <subfield code="q">Knihovna Žižkov depoz. 0</subfield>
   <subfield code="t">na 1 měsíc</subfield>
   <subfield code="u">UEP01</subfield>
   <subfield code="w">20050426</subfield>
  </datafield>
  <datafield tag="996" ind1=" " ind2=" ">
   <subfield code="1">PDPZ0</subfield>
   <subfield code="3">Sc28383/II/18</subfield>
   <subfield code="5">3142118584</subfield>
   <subfield code="8">20030807</subfield>
   <subfield code="9">930.9VES</subfield>
   <subfield code="f">81</subfield>
   <subfield code="l">UEP01</subfield>
   <subfield code="m">BOOK</subfield>
   <subfield code="q">Knihovna Žižkov depoz. 0</subfield>
   <subfield code="t">na 1 měsíc</subfield>
   <subfield code="u">UEP01</subfield>
   <subfield code="w">20030918</subfield>
  </datafield>
  <datafield tag="996" ind1=" " ind2=" ">
   <subfield code="1">PDPZ0</subfield>
   <subfield code="3">Sc28383/II/33</subfield>
   <subfield code="5">3142118599</subfield>
   <subfield code="8">20030807</subfield>
   <subfield code="9">930.9VES</subfield>
   <subfield code="f">81</subfield>
   <subfield code="l">UEP01</subfield>
   <subfield code="m">BOOK</subfield>
   <subfield code="q">Knihovna Žižkov depoz. 0</subfield>
   <subfield code="t">na 1 měsíc</subfield>
   <subfield code="u">UEP01</subfield>
   <subfield code="w">20030918</subfield>
  </datafield>
  <datafield tag="996" ind1=" " ind2=" ">
   <subfield code="1">PDPZ0</subfield>
   <subfield code="3">Sc28383/II/35</subfield>
   <subfield code="4">N:náhrada</subfield>
   <subfield code="5">3142178099</subfield>
   <subfield code="8">20040315</subfield>
   <subfield code="9">930.9VES</subfield>
   <subfield code="f">81</subfield>
   <subfield code="l">UEP01</subfield>
   <subfield code="m">BOOK</subfield>
   <subfield code="q">Knihovna Žižkov depoz. 0</subfield>
   <subfield code="t">na 1 měsíc</subfield>
   <subfield code="u">UEP01</subfield>
   <subfield code="w">20040315</subfield>
  </datafield>
  <datafield tag="996" ind1=" " ind2=" ">
   <subfield code="1">PJMHS</subfield>
   <subfield code="3">Sc28383/II/5</subfield>
   <subfield code="5">3142118571</subfield>
   <subfield code="8">20030807</subfield>
   <subfield code="9">930.9VES</subfield>
   <subfield code="f">81</subfield>
   <subfield code="l">UEP01</subfield>
   <subfield code="m">BOOK</subfield>
   <subfield code="q">Studovna JM</subfield>
   <subfield code="t">na 1 měsíc</subfield>
   <subfield code="u">UEP01</subfield>
   <subfield code="w">20030918</subfield>
  </datafield>
  <datafield tag="996" ind1=" " ind2=" ">
   <subfield code="1">PJMSK</subfield>
   <subfield code="3">Sc28383/II/8</subfield>
   <subfield code="5">3142118574</subfield>
   <subfield code="8">20030807</subfield>
   <subfield code="9">930.9VES</subfield>
   <subfield code="f">81</subfield>
   <subfield code="l">UEP01</subfield>
   <subfield code="m">BOOK</subfield>
   <subfield code="q">Knihovna JM - sklad</subfield>
   <subfield code="t">na 1 měsíc</subfield>
   <subfield code="u">UEP01</subfield>
   <subfield code="w">20030918</subfield>
  </datafield>
  <datafield tag="996" ind1=" " ind2=" ">
   <subfield code="1">PJMSK</subfield>
   <subfield code="3">Sc28383/II/9</subfield>
   <subfield code="5">3142118575</subfield>
   <subfield code="8">20030807</subfield>
   <subfield code="9">930.9VES</subfield>
   <subfield code="f">81</subfield>
   <subfield code="l">UEP01</subfield>
   <subfield code="m">BOOK</subfield>
   <subfield code="q">Knihovna JM - sklad</subfield>
   <subfield code="t">na 1 měsíc</subfield>
   <subfield code="u">UEP01</subfield>
   <subfield code="w">20030918</subfield>
  </datafield>
  <datafield tag="996" ind1=" " ind2=" ">
   <subfield code="1">PSCJ</subfield>
   <subfield code="3">Sc28383/II/13</subfield>
   <subfield code="5">3142118579</subfield>
   <subfield code="8">20030807</subfield>
   <subfield code="9">930.9VES</subfield>
   <subfield code="f">85</subfield>
   <subfield code="l">UEP01</subfield>
   <subfield code="m">BOOK</subfield>
   <subfield code="p">MI</subfield>
   <subfield code="q">*Studijní centrum Jarov</subfield>
   <subfield code="t">prezenční</subfield>
   <subfield code="u">UEP01</subfield>
   <subfield code="v">Ztráta</subfield>
   <subfield code="w">20030918</subfield>
  </datafield>
  <datafield tag="996" ind1=" " ind2=" ">
   <subfield code="1">PSKLA</subfield>
   <subfield code="3">Sc28383/II/17</subfield>
   <subfield code="5">3142118583</subfield>
   <subfield code="8">20030807</subfield>
   <subfield code="9">930.9VES</subfield>
   <subfield code="f">82</subfield>
   <subfield code="l">UEP01</subfield>
   <subfield code="m">BOOK</subfield>
   <subfield code="p">MI</subfield>
   <subfield code="q">Knihovna Žižkov - sklad</subfield>
   <subfield code="t">na 1 semestr</subfield>
   <subfield code="u">UEP01</subfield>
   <subfield code="v">Ztráta</subfield>
   <subfield code="w">20030918</subfield>
  </datafield>
  <datafield tag="996" ind1=" " ind2=" ">
   <subfield code="1">PSKLA</subfield>
   <subfield code="3">Sc28383/II/22</subfield>
   <subfield code="5">3142118588</subfield>
   <subfield code="8">20030807</subfield>
   <subfield code="9">930.9VES</subfield>
   <subfield code="f">82</subfield>
   <subfield code="l">UEP01</subfield>
   <subfield code="m">BOOK</subfield>
   <subfield code="p">MI</subfield>
   <subfield code="q">Knihovna Žižkov - sklad</subfield>
   <subfield code="t">na 1 semestr</subfield>
   <subfield code="u">UEP01</subfield>
   <subfield code="v">Ztráta</subfield>
   <subfield code="w">20040224</subfield>
  </datafield>
  <datafield tag="996" ind1=" " ind2=" ">
   <subfield code="1">PSTUD</subfield>
   <subfield code="3">Sc28383/II</subfield>
   <subfield code="5">3142118566</subfield>
   <subfield code="8">20030807</subfield>
   <subfield code="9">930.9VES</subfield>
   <subfield code="f">85</subfield>
   <subfield code="l">UEP01</subfield>
   <subfield code="m">BOOK</subfield>
   <subfield code="p">MI</subfield>
   <subfield code="q">Studovna Žižkov</subfield>
   <subfield code="t">prezenční</subfield>
   <subfield code="u">UEP01</subfield>
   <subfield code="v">Ztráta</subfield>
   <subfield code="w">20030918</subfield>
  </datafield>
  <datafield tag="996" ind1=" " ind2=" ">
   <subfield code="1">PSTUD</subfield>
   <subfield code="3">Sc28383/II/1</subfield>
   <subfield code="5">3142118567</subfield>
   <subfield code="8">20030807</subfield>
   <subfield code="9">930.9VES</subfield>
   <subfield code="f">85</subfield>
   <subfield code="l">UEP01</subfield>
   <subfield code="m">BOOK</subfield>
   <subfield code="q">Studovna Žižkov</subfield>
   <subfield code="t">prezenční</subfield>
   <subfield code="u">UEP01</subfield>
   <subfield code="w">20030918</subfield>
  </datafield>
  <datafield tag="996" ind1=" " ind2=" ">
   <subfield code="1">PSTUD</subfield>
   <subfield code="3">Sc28383/II/2</subfield>
   <subfield code="5">3142118568</subfield>
   <subfield code="8">20030807</subfield>
   <subfield code="9">930.9VES</subfield>
   <subfield code="f">81</subfield>
   <subfield code="l">UEP01</subfield>
   <subfield code="m">BOOK</subfield>
   <subfield code="q">Studovna Žižkov</subfield>
   <subfield code="t">na 1 měsíc</subfield>
   <subfield code="u">UEP01</subfield>
   <subfield code="w">20030918</subfield>
  </datafield>
  <datafield tag="996" ind1=" " ind2=" ">
   <subfield code="1">PSTUD</subfield>
   <subfield code="3">Sc28383/II/3</subfield>
   <subfield code="5">3142118569</subfield>
   <subfield code="8">20030807</subfield>
   <subfield code="9">930.9VES</subfield>
   <subfield code="f">81</subfield>
   <subfield code="l">UEP01</subfield>
   <subfield code="m">BOOK</subfield>
   <subfield code="q">Studovna Žižkov</subfield>
   <subfield code="t">na 1 měsíc</subfield>
   <subfield code="u">UEP01</subfield>
   <subfield code="w">20030918</subfield>
  </datafield>
 </record>
</collection>
